An analysis of investment performance, preferences and opinions of : (Record no. 151037)

MARC details
000 -LEADER
fixed length control field 00696nam a22001937a 4500
005 - DATE AND TIME OF LATEST TRANSACTION
control field 20180411120337.0
010 ## - LCCN (DPL NO)
LC control number ENG-122550
020 ## - INTERNATIONAL STANDARD BOOK NUMBER
International Standard Book Number 9789351261551
Terms of availability 500.00
035 ## - SYSTEM CONTROL NUMBER
System control number EN-106082
037 ## - SOURCE OF ACQUISITION
Source of stock number/acquisition DBAD/PUB.
082 ## - DEWEY DECIMAL CLASSIFICATION NUMBER
Classification number 332.041540954
100 ## - MAIN ENTRY--PERSONAL NAME
Personal name Jothi, V.N.
245 ## - TITLE STATEMENT
Title An analysis of investment performance, preferences and opinions of :
Statement of responsibility, etc by V.N. Jothi
Remainder of title Indian venture capitalists /
260 ## - PUBLICATION, DISTRIBUTION, ETC. (IMPRINT)
Place of publication, distribution, etc Tamilnadu
Name of publisher, distributor, etc The Padmanarayan Publication
Date of publication, distribution, etc 2016
270 ## - ADDRESS
Address 99 Krishnantha Street, Podature Pet , Thiruvallure District,
City Tamilnadu
Postal code 631208
300 ## - PHYSICAL DESCRIPTION
Extent 161p.
Other physical details ill.
Dimensions 29cm.(pbk)
500 ## - GENERAL NOTE
General note It includes bibliography
942 ## - ADDED ENTRY ELEMENTS (KOHA)
Source of classification or shelving scheme Dewey Decimal Classification
Item type English Books
Call number suffix JOT
Classification part 332.041540954
Holdings
Withdrawn status Lost status Not for loan Collection code Home library Current library Date acquired Source of acquisition Cost, normal purchase price Full call number Barcode Copy number Cost, replacement price Koha item type
    Not For Loan Non-fiction D.B.Act.Division Bawana 11/04/2018 DBAD/PUB 500.00 332.041540954 JOT EN-106082 1 500.00 English Books

© Delhi Public Library
Hit Counter
free hit counter